[Event "LAT-ch"]
[Site "Riga"]
[Date "2022.04.28"]
[Round "2"]
[White "Savicevs, Arsenijs"]
[Black "Antoms, Guntars"]
[Result "1/2-1/2"]
[WhiteElo "1738"]
[BlackElo "2331"]
[PlyCount "93"]
[EventDate "2022.04.27"]
[EventType "swiss"]
[EventRounds "9"]
[EventCountry "LAT"]
[SourceTitle "CBM 208 Extra"]
[Source "ChessBase"]
[SourceDate "2022.07.31"]
[SourceVersion "1"]
[SourceVersionDate "2022.07.31"]
[SourceQuality "1"]

1. Nf3 g6 2. d4 Bg7 3. c4 Nf6 4. g3 0-0 5. Bg2 d6 6. 0-0 Nc6 7. Nc3 a6 8. Qc2 Bf5 9. e4 Bg4 10. Be3 Nd7 11. Qd2 Bxf3 12. Bxf3 e5 13. dxe5 dxe5 14. Ne2 Nd4 15. Nxd4 exd4 16. Bxd4 Ne5 17. Be2 Nxc4 18. Bxc4 Bxd4 19. Rad1 c5 20. Bd5 Qf6 21. b3 Rab8 22. Kg2 Kg7 23. f4 b5 24. b4 Rbd8 25. bxc5 Bxc5 26. Rc1 Qb6 27. Qc3+ Bd4 28. Qc7 Rd6 29. Qxb6 Bxb6 30. Rc2 f5 31. Bb7 fxe4 32. Bxe4 Rfd8 33. Re1 Kf6 34. Rc6 Rxc6 35. Bxc6 Rd2+ 36. Kh3 Bf2 37. Ra1 h5 38. a3 Bd4 39. Rb1 Ra2 40. Rb3 Bg1 41. Bg2 Ke7 42. g4 hxg4+ 43. Kg3 Kf6 44. Bb7 Bxh2+ 45. Kxg4 Rf2 46. Bxa6 Bxf4 47. Rf3 1/2-1/2

[Event "Riga Shirov&Maskacha rapid"]
[Site "Riga"]
[Date "2020.01.09"]
[Round "8"]
[White "Antoms, Guntars"]
[Black "Kovalenko, Igor"]
[Result "0-1"]
[WhiteElo "2331"]
[BlackElo "2640"]
[PlyCount "174"]
[EventDate "2020.01.09"]
[EventType "swiss (rapid)"]
[EventRounds "9"]
[EventCountry "LAT"]
[SourceTitle "CBM 194 Extra"]
[Source "ChessBase"]
[SourceDate "2020.03.31"]
[SourceVersion "1"]
[SourceVersionDate "2020.03.31"]
[SourceQuality "1"]

1. e4 c5 2. Nc3 Nc6 3. Nf3 e6 4. Bb5 Nge7 5. 0-0 Qb6 6. Re1 a6 7. Bf1 g6 8. b3 Bg7 9. Bb2 Nd4 10. Nxd4 cxd4 11. Ne2 0-0 12. Ng3 d5 13. d3 Qc7 14. Qe2 dxe4 15. Nxe4 b5 16. a4 b4 17. g3 Bb7 18. Bg2 Kh8 19. Rac1 Qc6 20. f4 Nf5 21. Nd2 Qc7 22. Nc4 Bxg2 23. Qxg2 h5 24. Re4 Rad8 25. Qf2 Rd5 26. Rce1 Bf6 27. Qf3 Kg7 28. R1e2 Nd6 29. Nxd6 Qxd6 30. h3 Rc8 31. Rf2 Rdc5 32. Ree2 Qc6 33. Qxc6 R8xc6 34. Kf1 Kf8 35. Ke1 Bg7 36. Kd1 f5 37. Rf1 Kf7 38. Bc1 Bf6 39. Rfe1 a5 40. h4 Ke7 41. Bb2 Kd7 42. Bc1 Rd6 43. Bb2 Rc8 44. Bc1 Re8 45. Bb2 Rc6 46. Bc1 Kd6 47. Re5 Bxe5 48. fxe5+ Kd5 49. Bg5 Rf8 50. Re2 Rf7 51. Kc1 Rc8 52. Kd1 Rc5 53. Bf4 Kc6 54. Bg5 Kd7 55. Bf4 Ke8 56. Bg5 Rd7 57. Bf4 Rdd5 58. Kd2 Kf7 59. Kd1 g5 60. hxg5 Kg6 61. Rh2 Rc8 62. Rh4 Rdc5 63. Rh2 Rh8 64. Rh4 Rh7 65. Kc1 Rc3 66. Kd1 Rh8 67. Bd2 Rc5 68. Bf4 Rd8 69. Rh2 Rdd5 70. Rh4 Rxe5 71. Bxe5 Rxe5 72. Rxd4 Re3 73. Rd6 Kxg5 74. Kd2 Rxg3 75. Rxe6 h4 76. Re8 Rg2+ 77. Ke3 Rxc2 78. Rg8+ Kh5 79. d4 h3 80. d5 Rc1 81. Kd4 Kh4 82. Ke5 h2 83. Rh8+ Kg3 84. d6 h1Q 85. Rxh1 Rxh1 86. Kxf5 Kf3 87. d7 Rh8 0-1

[Event "EU-ch blitz"]
[Site "Tallinn"]
[Date "2019.12.07"]
[Round "4"]
[White "Hjartarson, Johann"]
[Black "Antoms, Guntars"]
[Result "1-0"]
[WhiteElo "2559"]
[BlackElo "2198"]
[PlyCount "79"]
[EventDate "2019.12.07"]
[EventType "swiss (blitz)"]
[EventRounds "22"]
[EventCountry "EST"]
[SourceTitle "CBM 193 Extra"]
[Source "ChessBase"]
[SourceDate "2020.01.31"]
[SourceVersion "1"]
[SourceVersionDate "2020.01.31"]
[SourceQuality "1"]

1. c4 Nf6 2. Nf3 g6 3. Nc3 Bg7 4. e4 d6 5. d4 0-0 6. Be2 Bg4 7. Be3 Nfd7 8. 0-0 e5 9. d5 a5 10. Nd2 Bxe2 11. Qxe2 f5 12. f3 Rf7 13. b3 Qf8 14. a3 Bh6 15. b4 Bxe3+ 16. Qxe3 Na6 17. Rab1 axb4 18. axb4 Nf6 19. Rfe1 Nh5 20. exf5 gxf5 21. c5 Qg7 22. Kh1 Raf8 23. Nc4 e4 24. f4 Qg4 25. g3 Rf6 26. cxd6 cxd6 27. Nb5 Rh6 28. Kg1 Qh3 29. Rb2 Rff6 30. Ree2 Rfg6 31. Rg2 Nf6 32. Nbxd6 Ng4 33. Qb6 Rf6 34. b5 Qh5 35. Qd8+ Rf8 36. Qg5+ Qxg5 37. fxg5 Rxd6 38. Nxd6 Nc5 39. b6 Ne3 40. Rge2 1-0

[Event "Riga Tal Memorial blitz"]
[Site "Riga"]
[Date "2019.07.18"]
[Round "12"]
[White "Fedorchuk, Sergey A"]
[Black "Antoms, Guntars"]
[Result "1-0"]
[WhiteElo "2633"]
[BlackElo "2337"]
[PlyCount "51"]
[EventDate "2019.07.18"]
[EventType "swiss (blitz)"]
[EventRounds "13"]
[EventCountry "LAT"]
[SourceTitle "CBM 191 Extra"]
[Source "ChessBase"]
[SourceDate "2019.09.30"]
[SourceVersion "1"]
[SourceVersionDate "2019.09.30"]
[SourceQuality "1"]

1. e4 g6 2. d4 Bg7 3. Nc3 d6 4. Be3 a6 5. h4 Nf6 6. f3 b5 7. Qd2 Bb7 8. 0-0-0 Nbd7 9. Bh6 Bxh6 10. Qxh6 Nb6 11. Nh3 b4 12. Ne2 Qd7 13. Ng5 Nc4 14. Nf4 Ne3 15. Rd2 Qa4 16. Kb1 Rf8 17. Bd3 0-0-0 18. Nxg6 fxg6 19. Ne6 Rfe8 20. Nxd8 Kxd8 21. Qxe3 Kc8 22. Bc4 e5 23. dxe5 Rxe5 24. Bb3 Qe8 25. Qd4 a5 26. f4 1-0

[Event "Riga Tal Memorial blitz"]
[Site "Riga"]
[Date "2019.07.18"]
[Round "8"]
[White "Lupulescu, Constantin"]
[Black "Antoms, Guntars"]
[Result "1-0"]
[WhiteElo "2649"]
[BlackElo "2337"]
[PlyCount "59"]
[EventDate "2019.07.18"]
[EventType "swiss (blitz)"]
[EventRounds "13"]
[EventCountry "LAT"]
[SourceTitle "CBM 191 Extra"]
[Source "ChessBase"]
[SourceDate "2019.09.30"]
[SourceVersion "1"]
[SourceVersionDate "2019.09.30"]
[SourceQuality "1"]

1. d4 Nf6 2. c4 c5 3. d5 b5 4. cxb5 a6 5. bxa6 Bxa6 6. Nc3 d6 7. e4 Bxf1 8. Kxf1 g6 9. g3 Bg7 10. Kg2 0-0 11. Nf3 Nbd7 12. a4 Qa5 13. Qc2 Rfb8 14. Bd2 Ng4 15. Nb5 Qb6 16. Bc3 Bxc3 17. bxc3 c4 18. Rhb1 Qc5 19. Nbd4 Nge5 20. Rxb8+ Rxb8 21. Rb1 Ra8 22. Nxe5 Nxe5 23. Rb5 Qa3 24. Nc6 Rxa4 25. Qd2 Kg7 26. Rb7 Nd3 27. Nxe7 Qc5 28. Nf5+ Kf6 29. Nh6 Ra7 30. Ng4+ 1-0

[Event "Riga Tal Memorial blitz"]
[Site "Riga"]
[Date "2019.07.18"]
[Round "2"]
[White "Munoz Pantoja, Miguel Angel"]
[Black "Antoms, Guntars"]
[Result "0-1"]
[WhiteElo "2511"]
[BlackElo "2337"]
[PlyCount "114"]
[EventDate "2019.07.18"]
[EventType "swiss (blitz)"]
[EventRounds "13"]
[EventCountry "LAT"]
[SourceTitle "CBM 191 Extra"]
[Source "ChessBase"]
[SourceDate "2019.09.30"]
[SourceVersion "1"]
[SourceVersionDate "2019.09.30"]
[SourceQuality "1"]

1. e4 g6 2. d4 Bg7 3. Nc3 d6 4. Bg5 a6 5. Qd2 b5 6. 0-0-0 Bb7 7. f3 Nd7 8. h4 h6 9. Be3 e6 10. Kb1 Ne7 11. Nge2 Nb6 12. Ng3 h5 13. f4 Qd7 14. Bd3 Nc4 15. Qe2 Nxe3 16. Qxe3 0-0-0 17. Rhe1 Rhe8 18. Nf1 Kb8 19. Nd2 f5 20. Nb3 fxe4 21. Bxe4 Nf5 22. Qf2 Bxe4 23. Nxe4 Qc6 24. Ng5 e5 25. d5 Qb6 26. Qxb6+ cxb6 27. Ne6 Rd7 28. Nxg7 Nxg7 29. fxe5 Rxe5 30. Nd4 Kc7 31. Nc6 Rxe1 32. Rxe1 Nf5 33. Re4 Rf7 34. a4 bxa4 35. Rxa4 a5 36. b4 Nxh4 37. bxa5 Nxg2 38. a6 Rf8 39. Re4 b5 40. a7 Ra8 41. Re7+ Kb6 42. c4 bxc4 43. Re2 Nf4 44. Rb2+ Ka6 45. Rb8 Rxa7 46. Nb4+ Ka5 47. Nc6+ Ka6 48. Nxa7 Kxa7 49. Rd8 Kb6 50. Rxd6+ Kc5 51. Rf6 g5 52. d6 Kc6 53. Rf5 Ne6 54. Kc2 Nd4+ 55. Kc3 Nxf5 56. Kxc4 Kxd6 57. Kd3 Ke5 0-1

[Event "LAT-chT"]
[Site "Riga"]
[Date "2019.02.16"]
[Round "2.4"]
[White "Krivonosov, Oleg"]
[Black "Antoms, Guntars"]
[Result "1-0"]
[WhiteElo "2394"]
[BlackElo "2340"]
[PlyCount "73"]
[EventDate "2019.02.16"]
[EventType "team-tourn"]
[EventRounds "9"]
[EventCountry "LAT"]
[SourceTitle "CBM 189 Extra"]
[Source "ChessBase"]
[SourceDate "2019.06.03"]
[SourceVersion "1"]
[SourceVersionDate "2019.06.03"]
[SourceQuality "1"]
[WhiteTeam "The Royal Biograph"]
[BlackTeam "Ventspils"]
[WhiteTeamCountry "LAT"]
[BlackTeamCountry "LAT"]

1. Nf3 g6 2. d4 Bg7 3. c4 c5 4. e4 cxd4 5. Nxd4 Nf6 6. Nc3 0-0 7. Be2 Nc6 8. Be3 d6 9. 0-0 Bd7 10. Qd2 Ng4 11. Bxg4 Bxg4 12. f3 Bd7 13. Rfd1 Rc8 14. b3 Re8 15. Rac1 a6 16. Nd5 Ne5 17. Ne2 Bc6 18. h3 Nd7 19. Nd4 Nc5 20. Kh1 Bd7 21. Ne2 b5 22. cxb5 axb5 23. b4 Na4 24. Rxc8 Qxc8 25. Rc1 Qd8 26. Bd4 Rf8 27. Bxg7 Kxg7 28. a3 Be6 29. Nef4 Bxd5 30. Nxd5 e6 31. Qd4+ f6 32. Nf4 Re8 33. Qa7+ Kh6 34. Rc7 Rh8 35. Nxe6 Qe8 36. Qe3+ g5 37. Ng7 1-0

[Event "Olaine rapid op"]
[Site "Olaine"]
[Date "2018.11.25"]
[Round "5"]
[White "Antoms, Guntars"]
[Black "Berzinsh, Roland"]
[Result "1-0"]
[WhiteElo "2340"]
[BlackElo "2409"]
[PlyCount "83"]
[EventDate "2018.11.25"]
[EventType "swiss (rapid)"]
[EventRounds "9"]
[EventCountry "LAT"]
[SourceTitle "CBM 187 Extra"]
[Source "ChessBase"]
[SourceDate "2018.11.04"]
[SourceVersion "1"]
[SourceVersionDate "2018.11.04"]
[SourceQuality "1"]

1. c4 e5 2. Nc3 Nc6 3. e3 Nf6 4. Nf3 Bb4 5. Qc2 0-0 6. Nd5 Re8 7. a3 Bf8 8. Ng5 g6 9. h4 d6 10. b4 Bf5 11. d3 Bg7 12. Bb2 Be6 13. Nxe6 Rxe6 14. 0-0-0 Ne7 15. Nxf6+ Bxf6 16. h5 d5 17. g4 a5 18. hxg6 hxg6 19. f4 axb4 20. axb4 exf4 21. g5 Bxb2+ 22. Qxb2 d4 23. Qh2 Kf8 24. Qh6+ Ke8 25. Qh8+ Kd7 26. Qxd4+ Rd6 27. Bh3+ Nf5 28. Bxf5+ gxf5 29. Qxf4 Ke7 30. Kb2 Ra4 31. Kb3 Qa8 32. Qe5+ Kd7 33. Qxf5+ Ke7 34. Qe5+ Kd7 35. Qb5+ c6 36. Qf5+ Kc7 37. Qxf7+ Rd7 38. Qf4+ Kb6 39. c5+ Ka6 40. Kxa4 b5+ 41. cxb6 Kxb6+ 42. Kb3 1-0

[Event "LAT-chT"]
[Site "Riga"]
[Date "2018.06.09"]
[Round "2.6"]
[White "Kantans, Toms"]
[Black "Antoms, Guntars"]
[Result "1-0"]
[WhiteElo "2526"]
[BlackElo "2347"]
[PlyCount "69"]
[EventDate "2018.06.09"]
[EventType "team-tourn"]
[EventRounds "11"]
[EventCountry "LAT"]
[SourceTitle "CBM 184 Extra"]
[Source "ChessBase"]
[SourceDate "2018.06.28"]
[SourceVersion "1"]
[SourceVersionDate "2018.06.28"]
[SourceQuality "1"]
[WhiteTeam "Riga Technical Univ"]
[BlackTeam "Ventspils"]
[WhiteTeamCountry "LAT"]
[BlackTeamCountry "LAT"]

1. e4 c5 2. Nf3 d6 3. d4 cxd4 4. Nxd4 Nf6 5. Nc3 g6 6. Be3 Bg7 7. f3 Nc6 8. Qd2 Bd7 9. g4 Rc8 10. h4 h6 11. Nxc6 Bxc6 12. 0-0-0 Qa5 13. Kb1 h5 14. g5 Nd7 15. Nd5 Qxd2 16. Rxd2 Ne5 17. f4 Bxd5 18. Rxd5 Nc6 19. Bb5 a6 20. Be2 Kd7 21. Bb6 Nd8 22. Rhd1 Rc6 23. Be3 Kc8 24. a4 Ne6 25. a5 Nc5 26. e5 Rd8 27. Bf3 Ne6 28. R5d3 Rc4 29. Bd5 Ra4 30. Bxe6+ fxe6 31. exd6 Rxd6 32. Rxd6 exd6 33. Rxd6 Rxa5 34. Rxe6 Rb5 35. Bc1 1-0

[Event "LAT-chT"]
[Site "Riga"]
[Date "2017.11.18"]
[Round "2.2"]
[White "Neiksans, Arturs"]
[Black "Antoms, Guntars"]
[Result "1-0"]
[WhiteElo "2586"]
[BlackElo "2349"]
[PlyCount "67"]
[EventDate "2017.11.17"]
[EventType "team-swiss"]
[EventRounds "7"]
[EventCountry "LAT"]
[SourceTitle "CBM 181 Extra"]
[Source "ChessBase"]
[SourceDate "2017.12.12"]
[SourceVersion "1"]
[SourceVersionDate "2017.12.12"]
[SourceQuality "1"]
[WhiteTeam "Rigas Saha School"]
[BlackTeam "Ventspils"]
[WhiteTeamCountry "LAT"]
[BlackTeamCountry "LAT"]

1. e4 c6 2. d4 d5 3. e5 g6 4. c4 Bg7 5. Nc3 Nh6 6. Nf3 0-0 7. h3 Be6 8. Qb3 dxc4 9. Qxb7 Qb6 10. Qxb6 axb6 11. g4 Na6 12. Bg2 Nb4 13. 0-0 Rfd8 14. Be3 f6 15. d5 Nxd5 16. Nd4 Nxe3 17. fxe3 Bd5 18. Nxd5 cxd5 19. Nc6 fxe5 20. Bxd5+ Kh8 21. Nxd8 Rxd8 22. Bxc4 e4 23. Rad1 Rc8 24. Be6 Rb8 25. Rd2 Bf6 26. Rfd1 Kg7 27. Rd8 Rxd8 28. Rxd8 Bxb2 29. Rb8 Ba3 30. g5 Nf7 31. Bxf7 Kxf7 32. Rxb6 Bc5 33. Rb3 Ke6 34. Kf2 1-0

[Event "EU-ch blitz"]
[Site "Tallinn"]
[Date "2016.12.17"]
[Round "4"]
[White "Antoms, Guntars"]
[Black "Alekseev, Evgeny V"]
[Result "0-1"]
[WhiteElo "2349"]
[BlackElo "2632"]
[PlyCount "63"]
[EventDate "2016.12.17"]
[EventType "swiss (blitz)"]
[EventRounds "26"]
[EventCountry "EST"]
[SourceTitle "CBM 176 Extra"]
[Source "ChessBase"]
[SourceDate "2017.03.02"]
[SourceVersion "1"]
[SourceVersionDate "2017.03.02"]
[SourceQuality "1"]

1. Nf3 c5 2. g3 Nc6 3. Bg2 g6 4. 0-0 Bg7 5. d3 d6 6. e4 e5 7. Nbd2 Nge7 8. a4 0-0 9. Nc4 h6 10. c3 Be6 11. Qe2 f5 12. Nfd2 f4 13. f3 h5 14. Nb3 g5 15. Bd2 Ng6 16. Be1 g4 17. Bf2 Rc8 18. Rad1 Qe7 19. Rd2 Bh6 20. d4 cxd4 21. cxd4 Nxd4 22. Rxd4 exd4 23. Nbd2 fxg3 24. hxg3 h4 25. f4 hxg3 26. Bxg3 Nxf4 27. Bxf4 Bxf4 28. e5 d5 29. Rxf4 Rxf4 30. Nd6 Rcf8 31. Nf1 Qh4 32. Qd3 0-1

[Event "EU-ch rapid"]
[Site "Tallinn"]
[Date "2016.12.16"]
[Round "10"]
[White "Jovanovic, Zoran"]
[Black "Antoms, Guntars"]
[Result "1-0"]
[WhiteElo "2534"]
[BlackElo "2349"]
[PlyCount "53"]
[EventDate "2016.12.15"]
[EventType "swiss (rapid)"]
[EventRounds "11"]
[EventCountry "EST"]
[SourceTitle "CBM 176 Extra"]
[Source "ChessBase"]
[SourceDate "2017.03.02"]
[SourceVersion "1"]
[SourceVersionDate "2017.03.02"]
[SourceQuality "1"]

1. e4 d5 2. exd5 Qxd5 3. Nf3 Nf6 4. Be2 Bg4 5. d4 e6 6. h3 Bh5 7. 0-0 Be7 8. c4 Qd8 9. Qb3 Qc8 10. Nc3 0-0 11. Bf4 c6 12. Rac1 Nbd7 13. a3 Nb6 14. Rfd1 Rd8 15. a4 c5 16. d5 exd5 17. cxd5 c4 18. Qb5 Bc5 19. b4 cxb3 20. Qxb3 Qf5 21. Bc7 Rd7 22. d6 Re8 23. a5 Nc8 24. Nd5 Rxe2 25. Rxc5 Qe6 26. Nxf6+ Qxf6 27. Rxh5 1-0

[Event "Liepajas Rokade op"]
[Site "Liepaja"]
[Date "2015.08.07"]
[Round "9"]
[White "Antoms, Guntars"]
[Black "Aleksandrov, Aleksej"]
[Result "1/2-1/2"]
[WhiteElo "2350"]
[BlackElo "2619"]
[PlyCount "59"]
[EventDate "2015.08.06"]
[EventType "swiss (rapid)"]
[EventRounds "13"]
[EventCountry "LAT"]
[SourceTitle "CBM 167 Extra"]
[Source "ChessBase"]
[SourceDate "2015.09.14"]
[SourceVersion "1"]
[SourceVersionDate "2015.09.14"]
[SourceQuality "1"]

1. c4 e6 2. Nf3 d5 3. e3 Nf6 4. b3 Be7 5. Bb2 0-0 6. Be2 c5 7. 0-0 Nc6 8. cxd5 Nxd5 9. Nc3 b6 10. Rc1 Bb7 11. d4 cxd4 12. Nxd5 Qxd5 13. Bc4 Qa5 14. Nxd4 Nxd4 15. Bxd4 Qg5 16. g3 Ba3 17. Rc2 Rad8 18. Qe2 Qf5 19. f3 e5 20. e4 Qf6 21. Be3 Qe7 22. Ba6 Bxa6 23. Qxa6 h6 24. Kg2 Kh7 25. Rff2 Bb4 26. Rc4 Rd7 27. Rc8 Rxc8 28. Qxc8 Rd3 29. Re2 h5 30. h4 1/2-1/2

[Event "Liepajas Rokade op"]
[Site "Liepaja"]
[Date "2015.08.06"]
[Round "6"]
[White "Petursson, Margeir"]
[Black "Antoms, Guntars"]
[Result "0-1"]
[WhiteElo "2521"]
[BlackElo "2350"]
[PlyCount "108"]
[EventDate "2015.08.06"]
[EventType "swiss (rapid)"]
[EventRounds "13"]
[EventCountry "LAT"]
[SourceTitle "CBM 167 Extra"]
[Source "ChessBase"]
[SourceDate "2015.09.14"]
[SourceVersion "1"]
[SourceVersionDate "2015.09.14"]
[SourceQuality "1"]

1. c4 Nf6 2. Nc3 g6 3. d4 Bg7 4. e4 0-0 5. Bg5 h6 6. Be3 c5 7. dxc5 Qa5 8. Bd3 Na6 9. Bc2 Nxc5 10. f3 d6 11. Qd2 Qb4 12. Nge2 Qxc4 13. 0-0 Kh7 14. Rfc1 Be6 15. Nd4 Rfc8 16. Nce2 Qa6 17. b4 Ncd7 18. a4 d5 19. b5 Qd6 20. Bf4 Qb6 21. a5 Qd8 22. Nxe6 fxe6 23. Nd4 e5 24. Ne6 Qg8 25. exd5 exf4 26. Nxf4 Ne5 27. Re1 Rxc2 28. Qxc2 Nxd5 29. Nxd5 Qxd5 30. Rab1 Qd4+ 31. Kh1 Bf6 32. Re4 Qd5 33. Qc7 Rd8 34. h3 Rd7 35. Qc2 Nd3 36. Rc4 Qg5 37. Rc8 Qg3 38. Qa2 Nf2+ 39. Kg1 Nxh3+ 40. Kh1 Nf2+ 41. Kg1 h5 42. Qf7+ Kh6 43. Rc4 Rd4 44. Qf8+ Bg7 45. Qg8 Nh3+ 46. Kh1 Nf4 47. Rc2 Nxg2 48. Rxg2 Rh4+ 49. Kg1 Bd4+ 50. Kf1 Rh1+ 51. Ke2 Qxg2+ 52. Kd3 Rxb1 53. Qf8+ Bg7 54. Qf4+ Kh7 0-1

[Event "Vladimir Petrov Memorial op"]
[Site "Jurmala"]
[Date "2015.03.07"]
[Round "1"]
[White "Antoms, Guntars"]
[Black "Gelfand, Boris"]
[Result "0-1"]
[WhiteElo "2345"]
[BlackElo "2747"]
[PlyCount "54"]
[EventDate "2015.03.07"]
[EventType "swiss"]
[EventRounds "11"]
[EventCountry "LAT"]
[SourceTitle "CBM 165 Extra"]
[Source "ChessBase"]
[SourceDate "2015.04.21"]
[SourceVersion "1"]
[SourceVersionDate "2015.04.21"]
[SourceQuality "1"]

1. e4 c5 2. Nc3 Nc6 3. Nge2 Nf6 4. g3 g6 5. d4 cxd4 6. Nxd4 Bg7 7. Bg2 0-0 8. Nb3 Rb8 9. 0-0 b5 10. Re1 d6 11. h3 a5 12. a4 bxa4 13. Rxa4 Nd7 14. Nd5 Nb6 15. Nxb6 Qxb6 16. Be3 Qc7 17. Qa1 Nb4 18. Rc1 Be6 19. Nd4 Bxd4 20. Bxd4 Nxc2 21. Rxa5 Nxa1 22. Rxc7 Nb3 23. Ra4 Nxd4 24. Rxd4 Rxb2 25. Rxe7 Rc8 26. Rxd6 Rc1+ 27. Kh2 Rxf2 0-1

[Event "EU-ch rapid"]
[Site "Wroclaw"]
[Date "2014.12.20"]
[Round "7"]
[White "Antoms, Guntars"]
[Black "Neiksans, Arturs"]
[Result "1/2-1/2"]
[WhiteElo "2345"]
[BlackElo "2559"]
[PlyCount "37"]
[EventDate "2014.12.20"]
[EventType "swiss (rapid)"]
[EventRounds "11"]
[EventCountry "POL"]
[SourceTitle "CBM 164 Extra"]
[Source "ChessBase"]
[SourceDate "2015.03.02"]
[SourceVersion "1"]
[SourceVersionDate "2015.03.02"]
[SourceQuality "1"]

1. e4 c5 2. Nf3 e6 3. d4 cxd4 4. Nxd4 Nc6 5. Nc3 Qc7 6. Be3 Nf6 7. f4 d6 8. Qf3 a6 9. 0-0-0 Be7 10. Nb3 b5 11. g4 Bb7 12. g5 Nd7 13. h4 Nc5 14. Kb1 b4 15. Nxc5 dxc5 16. Na4 Na7 17. f5 Qc6 18. fxe6 fxe6 19. Bc4 1/2-1/2

[Event "LAT-ch"]
[Site "Riga"]
[Date "2013.04.20"]
[Round "9"]
[White "Antoms, Guntars"]
[Black "Bernotas, Arturs"]
[Result "1-0"]
[WhiteElo "2376"]
[BlackElo "2268"]
[PlyCount "63"]
[EventDate "2013.04.13"]
[EventType "swiss"]
[EventRounds "9"]
[EventCountry "LAT"]
[SourceTitle "CBM 154 Extra"]
[Source "ChessBase"]
[SourceDate "2013.06.25"]
[SourceVersion "2"]
[SourceVersionDate "2013.06.25"]
[SourceQuality "1"]

1. d4 Nf6 2. Bg5 Ne4 3. Bf4 c5 4. dxc5 Nc6 5. Nf3 Nxc5 6. Nc3 d6 7. e4 Qa5 8. Nd2 Be6 9. Nb3 Qb4 10. Bd2 Nxb3 11. axb3 g6 12. Ra4 Qb6 13. Nd5 Qd8 14. Be3 Qb8 15. Bb5 Bg7 16. 0-0 Bd7 17. Bb6 0-0 18. Nc7 axb6 19. Nxa8 Qd8 20. c3 Be6 21. b4 f5 22. Qe2 Kh8 23. exf5 Rxf5 24. Bxc6 Re5 25. Be4 d5 26. Rd1 Bd7 27. b5 Bf5 28. Nxb6 Qxb6 29. Rxd5 Rxd5 30. Bxd5 Bf6 31. Ra8+ Kg7 32. Qe3 1-0

[Event "EU-ch rapid"]
[Site "Warsaw"]
[Date "2012.12.15"]
[Round "5"]
[White "Yakovich, Yuri"]
[Black "Antoms, Guntars"]
[Result "1-0"]
[WhiteElo "2517"]
[BlackElo "2376"]
[PlyCount "71"]
[EventDate "2012.12.15"]
[EventType "swiss (rapid)"]
[EventRounds "11"]
[EventCountry "POL"]
[SourceTitle "EXT 2014"]
[Source "ChessBase"]
[SourceDate "2013.11.20"]
[SourceVersion "1"]
[SourceVersionDate "2013.11.20"]
[SourceQuality "1"]

1. d4 Nf6 2. c4 c5 3. d5 b5 4. cxb5 a6 5. bxa6 Bxa6 6. Nc3 d6 7. g3 g6 8. Bg2 Bg7 9. Nf3 0-0 10. 0-0 Nbd7 11. Rb1 Qa5 12. Bd2 Rfb8 13. b3 Ng4 14. Qc2 c4 15. h3 cxb3 16. axb3 Rc8 17. b4 Qc7 18. hxg4 Bxe2 19. Rfc1 Qc4 20. Qe4 Bd3 21. Qxc4 Rxc4 22. Nd1 Bxb1 23. Rxc4 Ba2 24. Rc7 Nb6 25. Rxe7 Bf6 26. Re1 Bxd5 27. Bc3 Kg7 28. g5 Bxc3 29. Nxc3 Bc4 30. Nd2 Rc8 31. Nce4 Bd5 32. Nxd6 Rc2 33. Ne8+ Kf8 34. Nf6 Be6 35. Nde4 Rb2 36. Nc5 1-0

[Event "Vladimir Petrov Memorial op"]
[Site "Jurmala"]
[Date "2012.02.16"]
[Round "1"]
[White "Antoms, Guntars"]
[Black "Fridman, Daniel"]
[Result "0-1"]
[WhiteElo "2395"]
[BlackElo "2660"]
[PlyCount "94"]
[EventDate "2012.02.16"]
[EventType "swiss (rapid)"]
[EventRounds "9"]
[EventCountry "LAT"]
[SourceTitle "CBM 146 Extra"]
[Source "ChessBase"]
[SourceDate "2012.02.29"]
[SourceVersion "1"]
[SourceVersionDate "2012.02.29"]
[SourceQuality "1"]

1. e4 e6 2. d4 d5 3. Nd2 c5 4. Ngf3 cxd4 5. exd5 Qxd5 6. Bc4 Qd7 7. Nb3 Nc6 8. 0-0 Nf6 9. Nbxd4 Bc5 10. Nxc6 Qxc6 11. Ne5 Qb6 12. Qe2 0-0 13. Bg5 Nd7 14. Nd3 Bd4 15. Rad1 Qc6 16. Bb3 b5 17. Be7 Re8 18. Nb4 Qb6 19. Qe4 Bb7 20. Qxd4 Rxe7 21. Qd6 Qxd6 22. Rxd6 a5 23. Rfd1 Nf8 24. Nc6 Bxc6 25. Rxc6 a4 26. Rb6 axb3 27. axb3 Rd7 28. Rc1 Rd2 29. g3 Rc8 30. c4 bxc4 31. bxc4 Nd7 32. Rb5 Nc5 33. b4 Nd3 34. Rc3 Nxf2 35. c5 Ne4 36. Rc1 Kf8 37. Rb7 Ng5 38. c6 Nf3+ 39. Kf1 Nxh2+ 40. Ke1 Nf3+ 41. Kf1 Nd4 42. b5 Rc2 43. Rd1 e5 44. Ra1 Nxc6 45. bxc6 R2xc6 46. Raa7 Rf6+ 47. Kg2 Re8 0-1